[Event "Helsinki Chess Festival - Seniors"]
[Site "chess24.com"]
[Date "2019.08.14"]
[Round "1"]
[White "Kaunas, Kestutis"]
[Black "Peebo, Kalle"]
[Result "1/2-1/2"]
[Board "1"]
[WhiteFideId "12800139"]
[WhiteTitle "IM"]
[WhiteElo "2154"]
[WhiteCountry "LTU"]
[WhiteEloChange "1"]
[BlackFideId "4503805"]
[BlackElo "2200"]
[BlackCountry "EST"]
[BlackEloChange "-1"]

1. d4 {[%clk 1:30:30]} Nf6 {[%clk 1:30:30]} 2. c4 {[%clk 1:31:00]} g6 {[%clk
1:31:00]} 3. Nc3 {[%clk 1:31:30]} Bg7 {[%clk 1:31:30]} 4. e4 {[%clk 1:32:00]} d6
{[%clk 1:32:00]} 5. Nf3 {[%clk 1:32:30]} O-O {[%clk 1:32:30]} 6. Be2 {[%clk
1:33:00]} Nbd7 {[%clk 1:33:00]} 7. e5 {[%clk 1:33:30]} Ne8 {[%clk 1:33:30]} 8.
Bf4 {[%clk 1:34:00]} dxe5 {[%clk 1:34:00]} 9. dxe5 {[%clk 1:34:30]} c6 {[%clk
1:34:30]} 10. e6 {[%clk 1:35:00]} fxe6 {[%clk 1:35:00]} 11. Qd2 {[%clk 1:35:30]}
Qa5 {[%clk 1:35:30]} 12. O-O {[%clk 1:36:00]} Ne5 {[%clk 1:36:00]} 13. Bxe5
{[%clk 1:36:30]} Bxe5 {[%clk 1:36:30]} 14. b4 {[%clk 1:37:00]} Qc7 {[%clk
1:37:00]} 15. Nxe5 {[%clk 1:37:30]} Qxe5 {[%clk 1:37:30]} 16. Rad1 {[%clk
1:38:00]} Nf6 {[%clk 1:38:00]} 17. Rfe1 {[%clk 1:38:30]} Bd7 {[%clk 1:38:30]} 18.
Bf3 {[%clk 1:39:00]} Qc7 {[%clk 1:39:00]} 19. Ne4 {[%clk 1:39:30]} Rad8 {[%clk
1:39:30]} 20. Nc5 {[%clk 1:40:00]} e5 {[%clk 1:40:00]} 21. Qe3 {[%clk 1:40:30]}
Bc8 {[%clk 1:40:30]} 22. h3 {[%clk 1:41:00]} Rxd1 {[%clk 1:41:00]} 23. Rxd1
{[%clk 1:41:30]} Kg7 {[%clk 1:41:30]} 24. Nd3 {[%clk 1:42:00]} Rd8 {[%clk
1:42:00]} 25. Qxe5 {[%clk 1:42:30]} Qxe5 {[%clk 1:42:30]} 26. Nxe5 {[%clk
1:43:00]} Rxd1+ {[%clk 1:43:00]} 27. Bxd1 {[%clk 1:43:30]} Ne4 {[%clk 1:43:30]}
28. Bg4 {[%clk 1:44:00]} Bxg4 {[%clk 1:44:00]} 29. Nxg4 {[%clk 1:44:30]} Kf7
{[%clk 1:44:30]} 30. Ne3 {[%clk 1:45:00]} Ke6 {[%clk 1:45:00]} 31. f4 {[%clk
1:45:30]} Nc3 {[%clk 1:45:30]} 32. a3 {[%clk 1:46:00]} Ne2+ {[%clk 1:46:00]} 33.
Kf2 {[%clk 1:46:30]} Nxf4 {[%clk 1:46:30]} 34. Kf3 {[%clk 1:47:00]} Nd3 {[%clk
1:47:00]} 35. Ke4 {[%clk 1:47:30]} Ne5 {[%clk 1:47:30]} 36. c5 {[%clk 1:48:00]}
Nd7 {[%clk 1:48:00]} 37. Nc4 {[%clk 1:48:30]} Nf6+ {[%clk 1:48:30]} 38. Kd4
{[%clk 1:49:00]} Nd5 {[%clk 1:49:00]} 39. Na5 {[%clk 1:49:30]} Nf4 {[%clk
1:49:30]} 40. Nxb7 {[%clk 1:50:00]} Kd7 {[%clk 1:50:00]} 41. a4 {[%clk 1:50:30]}
a6 {[%clk 1:50:30]} 42. Na5 {[%clk 1:51:00]} Nxg2 {[%clk 1:51:00]} 43. Nc4 {[%clk
1:51:30]} Nf4 {[%clk 1:51:30]} 44. Ne5+ {[%clk 1:52:00]} Kc7 {[%clk 1:52:00]} 45.
h4 {[%clk 1:52:30]} Ne6+ {[%clk 1:52:30]} 46. Kc4 {[%clk 1:53:00]} Ng7 {[%clk
1:53:00]} 47. b5 {[%clk 1:53:30]} axb5+ {[%clk 1:53:30]} 48. axb5 {[%clk
1:54:00]} cxb5+ {[%clk 1:54:00]} 49. Kxb5 {[%clk 1:54:30]} Nf5 {[%clk 1:54:30]}
50. Nf3 {[%clk 1:55:00]} e5 {[%clk 1:55:00]} 51. Nxe5 {[%clk 1:55:30]} Nxh4
{[%clk 1:55:30]} 52. Kc4 {[%clk 1:56:00]} g5 {[%clk 1:56:00]} 53. Kd5 {[%clk
1:56:30]} Nf5 {[%clk 1:56:30]} 54. Ke4 {[%clk 1:57:00]} Ng7 {[%clk 1:57:00]} 55.
Nf7 {[%clk 1:57:30]} g4 {[%clk 1:57:30]} 56. Nh6 {[%clk 1:58:00]} 1/2-1/2

[Event "Helsinki Chess Festival - Seniors"]
[Site "chess24.com"]
[Date "2019.08.14"]
[Round "1"]
[White "Fomina, Tatyana"]
[Black "Mishuchkov, Nikolai M."]
[Result "1/2-1/2"]
[Board "2"]
[WhiteFideId "4500156"]
[WhiteTitle "WGM"]
[WhiteElo "2201"]
[WhiteCountry "EST"]
[WhiteEloChange "2"]
[BlackFideId "4102401"]
[BlackTitle "IM"]
[BlackElo "2274"]
[BlackCountry "RUS"]
[BlackEloChange "-2"]

1. e4 {[%clk 0:00:04]} c5 {[%clk 1:30:30]} 2. Nf3 {[%clk 0:00:34]} e6 {[%clk
1:31:00]} 3. d3 {[%clk 0:01:04]} Nc6 {[%clk 1:31:30]} 4. g3 {[%clk 0:01:34]} Nf6
{[%clk 1:32:00]} 5. Bg2 {[%clk 0:02:04]} d6 {[%clk 1:32:30]} 6. O-O {[%clk
0:02:34]} Be7 {[%clk 1:33:00]} 7. b3 {[%clk 0:03:04]} O-O {[%clk 1:33:30]} 8. Bb2
{[%clk 0:03:34]} e5 {[%clk 1:34:00]} 9. Nbd2 {[%clk 0:04:04]} Be6 {[%clk
1:34:30]} 10. Nc4 {[%clk 0:04:34]} Ne8 {[%clk 1:35:00]} 11. Ne3 {[%clk 0:05:04]}
Nc7 {[%clk 1:35:30]} 12. a4 {[%clk 0:05:34]} Qd7 {[%clk 1:36:00]} 13. Nd2 {[%clk
0:06:04]} d5 {[%clk 1:36:30]} 14. exd5 {[%clk 0:06:34]} Nxd5 {[%clk 1:37:00]} 15.
Ndc4 {[%clk 0:07:04]} f6 {[%clk 1:37:30]} 16. Be4 {[%clk 0:07:34]} Nxe3 {[%clk
1:38:00]} 17. fxe3 {[%clk 0:08:04]} g6 {[%clk 1:38:30]} 18. Rf2 {[%clk 0:08:34]}
Rad8 {[%clk 1:39:00]} 19. Qf1 {[%clk 0:09:04]} Rf7 {[%clk 1:39:30]} 20. Bg2
{[%clk 0:09:34]} Rdf8 {[%clk 1:40:00]} 21. h3 {[%clk 0:10:04]} Bd8 {[%clk
1:40:30]} 22. Kh2 {[%clk 0:10:34]} Bd5 {[%clk 1:41:00]} 23. Bxd5 {[%clk 0:11:04]}
Qxd5 {[%clk 1:41:30]} 24. Qg2 {[%clk 0:11:34]} Qxg2+ {[%clk 1:42:00]} 25. Kxg2
{[%clk 0:12:04]} Bc7 {[%clk 1:42:30]} 26. e4 {[%clk 0:12:34]} f5 {[%clk 1:43:00]}
27. exf5 {[%clk 0:13:04]} Rxf5 {[%clk 1:43:30]} 28. Rxf5 {[%clk 0:13:34]} Rxf5
{[%clk 1:44:00]} 29. Re1 {[%clk 0:14:04]} Nd4 {[%clk 1:44:30]} 30. g4 {[%clk
0:14:34]} Rf8 {[%clk 1:45:00]} 31. Bxd4 {[%clk 0:15:04]} exd4 {[%clk 1:45:30]}
32. Re4 {[%clk 0:15:34]} Kf7 {[%clk 1:46:00]} 33. Ne5+ {[%clk 0:16:04]} Bxe5
{[%clk 1:46:30]} 34. Rxe5 {[%clk 0:16:34]} b6 {[%clk 1:47:00]} 35. Kf3 {[%clk
0:17:04]} a5 {[%clk 1:47:30]} 36. Ke4 {[%clk 0:17:34]} Rd8 {[%clk 1:48:00]} 37.
h4 {[%clk 0:18:04]} Rd6 {[%clk 1:48:30]} 38. g5 {[%clk 0:18:34]} Kf8 {[%clk
1:49:00]} 39. Kf4 {[%clk 0:19:04]} 1/2-1/2

[Event "Helsinki Chess Festival - Seniors"]
[Site "chess24.com"]
[Date "2019.08.14"]
[Round "1"]
[White "Karasev, Vladimir I"]
[Black "Rantanen, Yrjo A."]
[Result "1/2-1/2"]
[Board "3"]
[WhiteFideId "4103971"]
[WhiteTitle "IM"]
[WhiteElo "2283"]
[WhiteCountry "RUS"]
[WhiteEloChange "1"]
[BlackFideId "500038"]
[BlackTitle "GM"]
[BlackElo "2302"]
[BlackCountry "FIN"]
[BlackEloChange "-1"]

1. e4 {[%clk 1:30:56]} c5 {[%clk 1:30:46]} 2. Nf3 {[%clk 1:31:19]} d6 {[%clk
1:29:29]} 3. d4 {[%clk 1:31:40]} cxd4 {[%clk 1:29:43]} 4. Qxd4 {[%clk 1:32:07]}
a6 {[%clk 1:29:14]} 5. c4 {[%clk 1:32:21]} Nc6 {[%clk 1:29:25]} 6. Qd2 {[%clk
1:32:31]} Nf6 {[%clk 1:17:59]} 7. Nc3 {[%clk 1:32:53]} e6 {[%clk 1:17:53]} 8. Be2
{[%clk 1:30:41]} b6 {[%clk 1:14:19]} 9. Nd4 {[%clk 1:25:03]} Bb7 {[%clk 1:10:50]}
10. Nxc6 {[%clk 1:21:54]} Bxc6 {[%clk 1:10:57]} 11. Qd4 {[%clk 1:22:02]} Qc7
{[%clk 1:04:01]} 12. Be3 {[%clk 1:19:14]} Rb8 {[%clk 1:02:24]} 13. Rc1 {[%clk
1:18:32]} Qb7 {[%clk 1:01:38]} 14. f3 {[%clk 1:15:48]} Be7 {[%clk 1:00:39]} 15.
O-O {[%clk 1:14:21]} O-O {[%clk 0:58:40]} 16. b4 {[%clk 0:59:51]} b5 {[%clk
0:47:38]} 17. cxb5 {[%clk 0:59:49]} axb5 {[%clk 0:47:58]} 18. a4 {[%clk 0:59:59]}
bxa4 {[%clk 0:46:12]} 19. b5 {[%clk 1:00:22]} Be8 {[%clk 0:45:04]} 20. Qxa4
{[%clk 0:59:50]} d5 {[%clk 0:42:05]} 21. Qa7 {[%clk 0:37:53]} dxe4 {[%clk
0:25:42]} 22. b6 {[%clk 0:22:46]} Bd8 {[%clk 0:16:13]} 23. Rb1 {[%clk 0:18:54]}
Nd7 {[%clk 0:15:18]} 24. Qxb7 {[%clk 0:13:22]} Rxb7 {[%clk 0:15:45]} 25. Ba6
{[%clk 0:08:12]} Rxb6 {[%clk 0:12:29]} 26. Bxb6 {[%clk 0:08:32]} Bxb6+ {[%clk
0:12:58]} 27. Kh1 {[%clk 0:08:45]} exf3 {[%clk 0:10:31]} 1/2-1/2

[Event "Helsinki Chess Festival - Seniors"]
[Site "chess24.com"]
[Date "2019.08.14"]
[Round "1"]
[White "Westerinen, Heikki M.J."]
[Black "Strand, Kjetil"]
[Result "1/2-1/2"]
[Board "4"]
[WhiteFideId "500020"]
[WhiteTitle "GM"]
[WhiteElo "2297"]
[WhiteCountry "FIN"]
[WhiteEloChange "-7"]
[BlackFideId "1503111"]
[BlackElo "2026"]
[BlackCountry "NOR"]
[BlackEloChange "7"]

1. e4 {[%clk 1:30:30]} e5 {[%clk 1:30:30]} 2. f4 {[%clk 1:31:00]} Bc5 {[%clk
1:31:00]} 3. Nf3 {[%clk 1:31:30]} d6 {[%clk 1:31:30]} 4. c3 {[%clk 1:32:00]} Bb6
{[%clk 1:32:00]} 5. d3 {[%clk 1:32:30]} Nc6 {[%clk 1:32:30]} 6. Na3 {[%clk
1:33:00]} Nf6 {[%clk 1:33:00]} 7. Nc4 {[%clk 1:33:30]} Qe7 {[%clk 1:33:30]} 8.
Be2 {[%clk 1:34:00]} O-O {[%clk 1:34:00]} 9. fxe5 {[%clk 1:34:30]} dxe5 {[%clk
1:34:30]} 10. Nxb6 {[%clk 1:35:00]} axb6 {[%clk 1:35:00]} 11. O-O {[%clk
1:35:30]} Be6 {[%clk 1:35:30]} 12. a3 {[%clk 1:36:00]} h6 {[%clk 1:36:00]} 13.
Kh1 {[%clk 1:36:30]} Rfd8 {[%clk 1:36:30]} 14. Qe1 Rd6 {[%clk 1:37:00]} 15. Nh4
Rad8 {[%clk 1:37:30]} 16. Qg3 Kh7 {[%clk 1:38:00]} 17. Be3 Bc8 {[%clk 1:38:30]}
18. Rf2 Ng8 {[%clk 1:39:00]} 19. Raf1 Rf6 {[%clk 1:39:30]} 20. Nf3 Rg6 {[%clk
1:40:00]} 21. Qh4 Qxh4 {[%clk 1:40:30]} 22. Nxh4 Rf6 {[%clk 1:41:00]} 23. h3 Rxf2
{[%clk 1:41:30]} 24. Rxf2 f6 {[%clk 1:42:00]} 25. Nf3 Nge7 {[%clk 1:42:30]} 26.
d4 Ng6 {[%clk 1:43:00]} 27. d5 Nce7 {[%clk 1:43:30]} 28. g4 Nh8 {[%clk 1:44:00]}
29. Kg2 Nf7 {[%clk 1:44:30]} 30. Nd2 Ng8 {[%clk 1:45:00]} 31. Kg3 g6 {[%clk
1:45:30]} 32. c4 Kg7 {[%clk 1:46:00]} 33. Bd3 Ne7 {[%clk 1:46:30]} 34. b4 g5
{[%clk 1:47:00]} 35. c5 bxc5 {[%clk 1:47:30]} 36. bxc5 Ng6 {[%clk 1:48:00]} 37.
Bc4 Nf4 {[%clk 1:48:30]} 38. h4 h5 {[%clk 1:49:00]} 39. hxg5 h4+ {[%clk 1:49:30]}
40. Kh2 fxg5 {[%clk 1:50:00]} 41. Be2 Kg6 {[%clk 1:50:30]} 42. Nc4 Nxe2 {[%clk
1:51:00]} 43. Rxe2 Bxg4 {[%clk 1:51:30]} 44. Rg2 Bc8 {[%clk 1:52:00]} 45. Bxg5
Nxg5 {[%clk 1:52:30]} 46. Nxe5+ Kf6 {[%clk 1:53:00]} 47. Rxg5 Kxg5 {[%clk
1:53:30]} 48. Nf7+ Kf4 {[%clk 1:54:00]} 49. Nxd8 Kxe4 {[%clk 1:54:30]} 50. d6
cxd6 {[%clk 1:55:00]} 51. cxd6 Kd5 {[%clk 1:55:30]} 52. Nxb7 Kc6 {[%clk 1:56:00]}
53. Nd8+ Kxd6 {[%clk 1:56:30]} 54. Nf7+ Kc5 {[%clk 1:56:34]} 1/2-1/2

[Event "Helsinki Chess Festival - Seniors"]
[Site "chess24.com"]
[Date "2019.08.14"]
[Round "1"]
[White "Hammar, Bengt"]
[Black "Halldorsson, Bragi"]
[Result "0-1"]
[Board "5"]
[WhiteFideId "1700391"]
[WhiteTitle "FM"]
[WhiteElo "2199"]
[WhiteCountry "SWE"]
[WhiteEloChange "-12"]
[BlackFideId "2300907"]
[BlackElo "2116"]
[BlackCountry "ISL"]
[BlackEloChange "12"]

1. e4 {[%clk 1:30:30]} c6 {[%clk 1:30:30]} 2. d4 {[%clk 1:31:00]} d5 {[%clk
1:31:00]} 3. Nc3 {[%clk 1:31:30]} dxe4 {[%clk 1:31:30]} 4. Nxe4 {[%clk 1:32:00]}
Bf5 {[%clk 1:32:00]} 5. Ng3 {[%clk 1:32:30]} Bg6 {[%clk 1:32:30]} 6. Bc4 {[%clk
1:33:00]} Nf6 {[%clk 1:33:00]} 7. N1e2 {[%clk 1:33:30]} e6 {[%clk 1:33:30]} 8.
O-O {[%clk 1:34:00]} Bd6 {[%clk 1:34:00]} 9. f4 {[%clk 1:34:30]} Bf5 {[%clk
1:34:30]} 10. Nxf5 {[%clk 1:35:00]} exf5 {[%clk 1:35:00]} 11. Ng3 {[%clk
1:35:30]} g6 {[%clk 1:35:30]} 12. Re1+ {[%clk 1:36:00]} Kf8 {[%clk 1:36:00]} 13.
Bb3 {[%clk 1:36:30]} h5 {[%clk 1:36:30]} 14. a3 {[%clk 1:37:00]} Nbd7 {[%clk
1:37:00]} 15. Qf3 {[%clk 1:37:30]} h4 {[%clk 1:37:30]} 16. Ne2 {[%clk 1:38:00]}
Ne4 {[%clk 1:38:00]} 17. c4 {[%clk 1:38:30]} Ndf6 {[%clk 1:38:30]} 18. Bc2 {[%clk
1:39:00]} Kg7 {[%clk 1:39:00]} 19. b3 {[%clk 1:39:30]} Re8 {[%clk 1:39:30]} 20.
Bb2 {[%clk 1:40:00]} Kg8 {[%clk 1:40:00]} 21. Nc3 {[%clk 1:40:30]} Qc7 {[%clk
1:40:30]} 22. g3 {[%clk 1:41:00]} hxg3 {[%clk 1:41:00]} 23. hxg3 {[%clk 1:41:30]}
Nxg3 {[%clk 1:41:30]} 24. Qxg3 {[%clk 1:42:00]} Bxf4 {[%clk 1:42:00]} 25. Qh3
{[%clk 1:42:30]} Kg7 {[%clk 1:42:30]} 26. Qf3 {[%clk 1:43:00]} Ng4 {[%clk
1:43:00]} 27. d5 {[%clk 1:43:30]} Be3+ {[%clk 1:43:30]} 28. Kg2 {[%clk 1:44:00]}
Qh2+ {[%clk 1:44:00]} 29. Kf1 {[%clk 1:44:30]} Bd4 {[%clk 1:44:30]} 30. Ne2
{[%clk 1:45:00]} Bxb2 {[%clk 1:45:00]} 31. Ra2 {[%clk 1:45:30]} Ne3+ {[%clk
1:45:30]} 0-1

[Event "Helsinki Chess Festival - Seniors"]
[Site "chess24.com"]
[Date "2019.08.14"]
[Round "2"]
[White "Peebo, Kalle"]
[Black "Halldorsson, Bragi"]
[Result "1-0"]
[Board "1"]
[WhiteFideId "4503805"]
[WhiteElo "2200"]
[WhiteCountry "EST"]
[WhiteEloChange "8"]
[BlackFideId "2300907"]
[BlackElo "2116"]
[BlackCountry "ISL"]
[BlackEloChange "-8"]

1. d4 {[%clk 1:30:58]} c6 {[%clk 1:30:37]} 2. Nf3 {[%clk 1:31:13]} d5 {[%clk
1:30:56]} 3. c3 {[%clk 1:31:25]} Bf5 {[%clk 1:30:09]} 4. Bg5 {[%clk 1:31:09]} Nd7
{[%clk 1:30:06]} 5. e3 {[%clk 1:30:55]} Ngf6 {[%clk 1:30:14]} 6. Nbd2 {[%clk
1:31:17]} e6 {[%clk 1:30:01]} 7. Be2 {[%clk 1:31:12]} Bd6 {[%clk 1:30:11]} 8. a4
{[%clk 1:29:27]} O-O {[%clk 1:27:26]} 9. O-O {[%clk 1:29:15]} Qc7 {[%clk
1:23:11]} 10. g3 {[%clk 1:28:00]} h6 {[%clk 1:22:49]} 11. Bf4 {[%clk 1:28:23]} e5
{[%clk 1:23:06]} 12. dxe5 {[%clk 1:28:11]} Nxe5 {[%clk 1:23:19]} 13. Nxe5 {[%clk
1:28:10]} Bxe5 {[%clk 1:23:36]} 14. Bxe5 {[%clk 1:27:58]} Qxe5 {[%clk 1:23:55]}
15. Nf3 {[%clk 1:27:19]} Qe7 {[%clk 1:23:27]} 16. Qd4 {[%clk 1:23:21]} Rfe8
{[%clk 1:23:04]} 17. Nh4 {[%clk 1:18:41]} Be4 {[%clk 1:21:46]} 18. Rfe1 {[%clk
1:15:04]} c5 {[%clk 1:20:24]} 19. Qd1 {[%clk 1:15:08]} a6 {[%clk 1:20:16]} 20. f3
{[%clk 1:15:16]} Bh7 {[%clk 1:16:59]} 21. Bd3 {[%clk 1:15:37]} Bxd3 {[%clk
1:15:58]} 22. Qxd3 {[%clk 1:15:58]} g6 {[%clk 1:16:02]} 23. b4 {[%clk 1:15:40]}
Rac8 {[%clk 1:13:30]} 24. Rab1 {[%clk 1:13:31]} Kg7 {[%clk 1:12:04]} 25. a5
{[%clk 1:08:53]} Qe5 {[%clk 1:07:57]} 26. b5 {[%clk 1:08:57]} Re6 {[%clk
1:04:04]} 27. bxa6 {[%clk 1:08:40]} Rxa6 {[%clk 1:03:56]} 28. Rxb7 {[%clk
1:08:48]} 1-0

[Event "Helsinki Chess Festival - Seniors"]
[Site "chess24.com"]
[Date "2019.08.14"]
[Round "2"]
[White "Strand, Kjetil"]
[Black "Hammar, Bengt"]
[Result "1-0"]
[Board "2"]
[WhiteFideId "1503111"]
[WhiteElo "2026"]
[WhiteCountry "NOR"]
[WhiteEloChange "15"]
[BlackFideId "1700391"]
[BlackTitle "FM"]
[BlackElo "2199"]
[BlackCountry "SWE"]
[BlackEloChange "-15"]

1. e4 {[%clk 1:30:06]} c5 {[%clk 1:30:35]} 2. Nf3 {[%clk 1:30:24]} d6 {[%clk
1:30:20]} 3. d4 {[%clk 1:30:30]} cxd4 {[%clk 1:30:41]} 4. Nxd4 {[%clk 1:30:51]}
Nf6 {[%clk 1:31:01]} 5. Nc3 {[%clk 1:30:53]} a6 {[%clk 1:31:06]} 6. Bc4 {[%clk
1:31:00]} e6 {[%clk 1:31:02]} 7. O-O {[%clk 1:30:55]} b5 {[%clk 1:23:59]} 8. Bb3
{[%clk 1:30:58]} Nbd7 {[%clk 1:23:38]} 9. Re1 {[%clk 1:29:32]} Nc5 {[%clk
1:22:52]} 10. Bd5 {[%clk 1:22:22]} exd5 {[%clk 1:21:37]} 11. exd5+ {[%clk
1:21:51]} Kd7 {[%clk 1:21:56]} 12. b4 {[%clk 1:20:04]} Na4 {[%clk 1:20:36]} 13.
Nxa4 {[%clk 1:19:57]} bxa4 {[%clk 1:21:04]} 14. c4 {[%clk 1:19:49]} Kc7 {[%clk
1:20:55]} 15. Qxa4 {[%clk 1:17:04]} Bb7 {[%clk 1:15:55]} 16. Bf4 {[%clk 1:14:50]}
Nh5 {[%clk 1:11:38]} 17. Nc6 {[%clk 1:05:49]} Qd7 {[%clk 1:07:03]} 18. Be3 {[%clk
1:02:26]} Bxc6 {[%clk 1:05:44]} 19. Qa5+ {[%clk 1:01:02]} Kc8 {[%clk 1:05:59]}
20. dxc6 {[%clk 1:01:09]} Qxc6 {[%clk 1:06:22]} 21. Qxh5 {[%clk 1:01:25]} g6
{[%clk 1:06:04]} 22. Qg4+ {[%clk 0:55:14]} f5 {[%clk 1:05:29]} 23. Qd4 {[%clk
0:54:07]} Rg8 {[%clk 1:05:48]} 24. b5 {[%clk 0:53:46]} Qb7 {[%clk 1:03:06]} 25.
bxa6 {[%clk 0:50:13]} Rxa6 {[%clk 1:03:10]} 26. Rab1 {[%clk 0:47:13]} Bg7 {[%clk
0:55:09]} 27. Qd3 {[%clk 0:41:06]} Qc6 {[%clk 0:54:24]} 28. Qb3 {[%clk 0:38:42]}
Ra8 {[%clk 0:52:05]} 29. Bf4 {[%clk 0:33:33]} Rd8 {[%clk 0:45:02]} 30. c5 {[%clk
0:28:14]} Be5 {[%clk 0:33:35]} 31. Bg5 {[%clk 0:27:55]} Rd7 {[%clk 0:31:24]} 32.
cxd6 {[%clk 0:27:00]} Qxd6 {[%clk 0:31:11]} 33. Qg8+ {[%clk 0:26:27]} 1-0

[Event "Helsinki Chess Festival - Seniors"]
[Site "chess24.com"]
[Date "2019.08.14"]
[Round "2"]
[White "Rantanen, Yrjo A."]
[Black "Westerinen, Heikki M.J."]
[Result "1/2-1/2"]
[Board "3"]
[WhiteFideId "500038"]
[WhiteTitle "GM"]
[WhiteElo "2302"]
[WhiteCountry "FIN"]
[BlackFideId "500020"]
[BlackTitle "GM"]
[BlackElo "2297"]
[BlackCountry "FIN"]

1. e4 {[%clk 1:30:53]} e5 {[%clk 1:28:30]} 2. Nf3 {[%clk 1:31:08]} Nc6 {[%clk
1:28:46]} 3. Bb5 {[%clk 1:31:10]} g6 {[%clk 1:28:34]} 4. c3 {[%clk 1:31:03]} a6
{[%clk 1:26:14]} 5. Ba4 {[%clk 1:30:40]} d6 {[%clk 1:25:56]} 6. d4 {[%clk
1:28:23]} Bd7 {[%clk 1:25:31]} 7. Be3 {[%clk 1:26:14]} Bg7 {[%clk 1:15:37]} 8.
Nbd2 {[%clk 1:25:21]} Qe7 {[%clk 1:09:48]} 9. dxe5 {[%clk 1:18:46]} Nxe5 {[%clk
0:56:40]} 10. Nxe5 {[%clk 1:15:27]} dxe5 {[%clk 0:55:45]} 11. Bxd7+ {[%clk
1:14:20]} Qxd7 {[%clk 0:56:02]} 12. Qb3 {[%clk 1:14:18]} 1/2-1/2

[Event "Helsinki Chess Festival - Seniors"]
[Site "chess24.com"]
[Date "2019.08.14"]
[Round "2"]
[White "Mishuchkov, Nikolai M."]
[Black "Karasev, Vladimir I"]
[Result "1/2-1/2"]
[Board "4"]
[WhiteFideId "4102401"]
[WhiteTitle "IM"]
[WhiteElo "2274"]
[WhiteCountry "RUS"]
[BlackFideId "4103971"]
[BlackTitle "IM"]
[BlackElo "2283"]
[BlackCountry "RUS"]

1. Nf3 {[%clk 1:30:46]} Nf6 {[%clk 1:30:41]} 2. c4 {[%clk 1:31:00]} c6 {[%clk
1:30:45]} 3. d4 {[%clk 1:31:16]} d5 {[%clk 1:30:57]} 4. e3 {[%clk 1:30:08]} e6
{[%clk 1:31:00]} 5. Bd3 {[%clk 1:30:22]} Nbd7 {[%clk 1:29:06]} 6. Nbd2 {[%clk
1:30:25]} Bd6 {[%clk 1:26:16]} 7. O-O {[%clk 1:30:44]} O-O {[%clk 1:25:22]} 8. b3
{[%clk 1:30:53]} e5 {[%clk 1:23:23]} 9. cxd5 {[%clk 1:29:55]} cxd5 {[%clk
1:23:44]} 10. dxe5 {[%clk 1:29:58]} Nxe5 {[%clk 1:24:06]} 11. Be2 {[%clk
1:30:21]} Qe7 {[%clk 1:20:03]} 12. Bb2 {[%clk 1:30:29]} Rd8 {[%clk 1:20:19]} 13.
Nxe5 {[%clk 1:30:28]} Bxe5 {[%clk 1:20:41]} 14. Bxe5 {[%clk 1:30:52]} Qxe5 {[%clk
1:21:05]} 15. Nf3 {[%clk 1:31:17]} 1/2-1/2

[Event "Helsinki Chess Festival - Seniors"]
[Site "chess24.com"]
[Date "2019.08.14"]
[Round "2"]
[White "Kaunas, Kestutis"]
[Black "Fomina, Tatyana"]
[Result "1-0"]
[Board "5"]
[WhiteFideId "12800139"]
[WhiteTitle "IM"]
[WhiteElo "2154"]
[WhiteCountry "LTU"]
[WhiteEloChange "11"]
[BlackFideId "4500156"]
[BlackTitle "WGM"]
[BlackElo "2201"]
[BlackCountry "EST"]
[BlackEloChange "-11"]

1. d4 {[%clk 1:30:53]} d5 {[%clk 1:30:52]} 2. Bf4 {[%clk 1:30:41]} Nc6 {[%clk
1:31:07]} 3. e3 {[%clk 1:28:44]} e6 {[%clk 1:30:38]} 4. Nf3 {[%clk 1:23:43]} Bd6
{[%clk 1:29:58]} 5. c3 {[%clk 1:11:02]} Nge7 {[%clk 1:28:06]} 6. Nbd2 {[%clk
1:07:36]} Ng6 {[%clk 1:27:03]} 7. Bxd6 {[%clk 0:56:53]} cxd6 {[%clk 1:24:52]} 8.
e4 {[%clk 0:56:46]} dxe4 {[%clk 1:23:37]} 9. Nxe4 {[%clk 0:57:07]} f5 {[%clk
1:22:03]} 10. Ng3 {[%clk 0:54:49]} O-O {[%clk 1:20:47]} 11. Bc4 {[%clk 0:50:49]}
Kh8 {[%clk 1:18:30]} 12. O-O {[%clk 0:49:51]} f4 {[%clk 1:15:54]} 13. Ne2 {[%clk
0:47:57]} Bd7 {[%clk 1:09:09]} 14. d5 {[%clk 0:35:33]} Nce5 {[%clk 1:05:34]} 15.
dxe6 {[%clk 0:24:02]} Nxf3+ {[%clk 0:51:11]} 16. gxf3 {[%clk 0:24:28]} Nh4 {[%clk
0:50:03]} 17. Kh1 {[%clk 0:09:06]} Nxf3 {[%clk 0:43:38]} 18. Ng1 {[%clk 0:03:09]}
Ne5 {[%clk 0:39:04]} 19. exd7 {[%clk 0:01:57]} Nxc4 {[%clk 0:39:02]} 20. Qd4
{[%clk 0:01:17]} Qc7 {[%clk 0:37:47]} 21. Rad1 {[%clk 0:00:35]} b5 {[%clk
0:27:15]} 22. b3 {[%clk 0:00:40]} Nb6 {[%clk 0:27:35]} 23. Qxd6 {[%clk 0:00:39]}
Qb7+ {[%clk 0:27:42]} 24. f3 {[%clk 0:01:00]} Rad8 {[%clk 0:27:40]} 25. Qxf8+
{[%clk 0:01:06]} 1-0